Under the eye of the storm / (Record no. 17943)
[ view plain ]
| 000 -LEADER | |
|---|---|
| fixed length control field | 00731cam a2200241 4500 |
| 001 - CONTROL NUMBER | |
| control field | 17943 |
| 003 - CONTROL NUMBER IDENTIFIER | |
| rucl marc code | BD-RjUL |
| 005 - DATE AND TIME OF LATEST TRANSACTION | |
| control field | 20211209000220.0 |
| 008 - FIXED-LENGTH DATA ELEMENTS--GENERAL INFORMATION | |
| fixed length control field | 140219s1967 nyu 000 0 eng |
| 035 ## - SYSTEM CONTROL NUMBER | |
| System control number | (BD-RjUL)18001 |
| 040 ## - CATALOGING SOURCE | |
| Original cataloging agency | DLC |
| Transcribing agency | DLC |
| Modifying agency | DLC |
| -- | BD-RjUL |
| Language of cataloging | eng |
| 041 ## - LANGUAGE CODE | |
| Language code of text/sound track or separate title | eng |
| 051 ## - LIBRARY OF CONGRESS COPY, ISSUE, OFFPRINT STATEMENT | |
| Classification number | PS3515.E7715 |
| Item number | U53 1967 Copy 3 |
| Copy information | Another copy. Dust jacket. Purchase, Feb. 25, 1985 (DLC #0154281). |
| 082 ## - DEWEY DECIMAL CLASSIFICATION NUMBER | |
| Classification number | 910.45 |
| Author mark and year | HEU 1967 |
| 100 1# - MAIN ENTRY--PERSONAL NAME | |
| Personal name | Hersey, John. |
| Dates associated with a name | 1914-1993. |
| 9 (RLIN) | 51902 |
| 245 10 - TITLE STATEMENT | |
| Title | Under the eye of the storm / |
| Statement of responsibility, etc. | by John Hersey. |
| 260 ## - PUBLICATION, DISTRIBUTION, ETC. (IMPRINT) | |
| Place of publication, distribution, etc. | New York : |
| Name of publisher, distributor, etc. | Knopf, |
| Date of publication, distribution, etc. | c1967. |
| 300 ## - PHYSICAL DESCRIPTION | |
| Pagination | 244 p. ; |
| Size | 22 cm. |
| 650 ## - SUBJECT ADDED ENTRY--TOPICAL TERM | |
| Topical term or geographic name as entry element | Sea stories. |
| 9 (RLIN) | 54913 |
| 942 ## - ADDED ENTRY ELEMENTS (KOHA) | |
| Source of classification or shelving scheme | Dewey Decimal Classification |
| Koha item type | Books |
| Lost status | Source of classification or shelving scheme | Damaged status | Not for loan | Collection code | Permanent Location | Current Location | Shelving location | Date acquired | Source of acquisition | Cost, normal purchase price | Total Checkouts | Full call number | Date last seen | Copy number | Koha item type |
|---|---|---|---|---|---|---|---|---|---|---|---|---|---|---|---|
| Dewey Decimal Classification | Not For Loan | Fiction | Central Library, University of Rajshahi | Central Library, University of Rajshahi | Reading Room | 27/03/1969 | Asia Fundation Gift | 0.00 | 910.45 HEU 1967 | 19/02/2014 | C-1 | Books |